Miasta województwa Lubuskiego - Statystyki

Ogólne statystyki
  • Ten quiz został rozwiązany 13 razy
  • Średni wynik to 18 z 44
Statystyki odpowiedzi
Powiat Miasto % Poprawnych
Miasto na prawach powiatu Gorzów Wielkopolski
78%
Miasto na prawach powiatu Zielona Góra
78%
Nowosolski Nowa Sól
67%
Strzelecko-Drezdenecki Drezdenko
56%
Krośnieński Gubin
56%
Gorzowski Kostrzyn nad Odrą
56%
Międzyrzecki Międzyrzecz
56%
Nowosolski Otyń
56%
Słubicki Słubice
56%
Sulęciński Sulęcin
56%
Świebodziński Świebodzin
56%
Wschowski Wschowa
56%
Żagański Żagań
56%
Żarski Żary
56%
Słubicki Cybinka
44%
Strzelecko-Drezdenecki Dobiegniew
44%
Nowosolski Kożuchów
44%
Krośnieński Krosno Odrzańskie
44%
Nowosolski Nowe Miasteczko
44%
Słubicki Rzepin
44%
Międzyrzecki Skwierzyna
44%
Wschowski Sława
44%
Strzelecko-Drezdenecki Strzelce Krajeńskie
44%
Wschowski Szlichtyngowa
44%
Gorzowski Witnica
44%
Żarski Brody
33%
Nowosolski Bytom Odrzański
33%
Zielonogórski Czerwieńsk
33%
Zielonogórski Kargowa
33%
Sulęciński Lubniewice
33%
Żarski Lubsko
33%
Zielonogórski Nowogród Bobrzański
33%
Słubicki Ośno Lubuskie
33%
Zielonogórski Sulechów
33%
Sulęciński Torzym
33%
Świebodziński Zbąszynek
33%
Zielonogórski Babimost
22%
Żagański Iłowa
22%
Żarski Jasień
22%
Żarski Łęknica
22%
Żagański Małomice
22%
Żagański Szprotawa
22%
Międzyrzecki Trzciel
22%
Żagański Gozdnica
0%
Nie znaleziono quizów pasujących do podanych kryteriów
Rozkład punktacji
Procent ludzi z każdym wynikiem
Percentyl według liczby udzielonych odpowiedzi
Twoja historia wyników
Nie rozwiązałeś tego quizu